GETS Theological Seminary Library

我要在天堂見到你: (Record no. 17684)

MARC details
000 -LEADER
fixed length control field 00906nam a2200277Ia 4500
003 - CONTROL NUMBER IDENTIFIER
control field OSt
005 - DATE AND TIME OF LATEST TRANSACTION
control field 20210111163240.0
008 - FIXED-LENGTH DATA ELEMENTS--GENERAL INFORMATION
fixed length control field 200826s9999||||xx |||||||||||||| ||und||
020 ## - INTERNATIONAL STANDARD BOOK NUMBER
International Standard Book Number 9572976885
020 ## - INTERNATIONAL STANDARD BOOK NUMBER
International Standard Book Number 9789572976883
040 ## - CATALOGING SOURCE
Transcribing agency GETS
041 ## - LANGUAGE CODE
Language code of text/sound track or separate title chi
Language code of original eng
050 ## - LIBRARY OF CONGRESS CALL NUMBER
Classification number BV4438
Item number .K4412 2006
100 ## - MAIN ENTRY--PERSONAL NAME
Personal name Keefauver, Larry
245 #0 - TITLE STATEMENT
Title 我要在天堂見到你:
Remainder of title 全家歸主有良方= Lord, I wish my family would get saved /
Statement of responsibility, etc. 賴瑞·葛福偉 (Larry Keefauver) 著; 程珮然譯
246 ## - VARYING FORM OF TITLE
Title proper/short title 我要在天堂见到你 :
Remainder of title 全家归主有良方 /
260 ## - PUBLICATION, DISTRIBUTION, ETC.
Place of publication, distribution, etc. 臺北 :
Name of publisher, distributor, etc. 米迦勒傳播出版,
Date of publication, distribution, etc. 2006
300 ## - PHYSICAL DESCRIPTION
Extent 270 p. :
Other physical details ill ;
Dimensions 21 cm.
490 ## - SERIES STATEMENT
Series statement 愛的家庭叢書
500 ## - GENERAL NOTE
General note Translation of: Lord, I wish my family would get saved.
650 ## - SUBJECT ADDED ENTRY--TOPICAL TERM
Topical term or geographic name entry element Families Religious life.
650 ## - SUBJECT ADDED ENTRY--TOPICAL TERM
Topical term or geographic name entry element Salvation.
700 ## - ADDED ENTRY--PERSONAL NAME
Personal name 程珮然
700 ## - ADDED ENTRY--PERSONAL NAME
Personal name 葛福偉
942 ## - ADDED ENTRY ELEMENTS (KOHA)
Koha item type Chinese Book
Holdings
Withdrawn status Lost status Damaged status Not for loan Home library Current library Shelving location Date acquired Total Checkouts Full call number Barcode Date last seen Price effective from Koha item type Copy number
        GETS Theological Seminary Library GETS Theological Seminary Library General Stacks 08/24/2020   BV4438 .K4412 2006 00005931 08/24/2020 08/24/2020 Chinese Book  
        GETS Theological Seminary Library GETS Theological Seminary Library General Stacks 08/26/2020   BV4438 .K4412 2006 00008131 08/26/2020 08/26/2020 Chinese Book c. 2
OpacCredits

Contact the Librarian, GETS Library
Email: library@mygets.org









Implemented by GETS Library
(Powered by ETCA Professional Group)
GETS Theological Seminary
412 E. Rowland Street, CA 91723